| 000 | 00613nam a2200205 i 4500 | ||
|---|---|---|---|
| 001 | 7630 | ||
| 003 | ES-MaACL | ||
| 005 | 20230906145300.0 | ||
| 007 | t| | ||
| 008 | 910307s1991 sp ||||1| spa d | ||
| 020 | _a84-234-0963-5 | ||
| 080 | _a336.2.04 | ||
| 080 | _a336.2.015 | ||
| 100 | 1 |
_aQuerol García, María Teresa. _994548 |
|
| 245 | 1 | 0 |
_aRegimen de infracciones y sanciones tributarias / _cMa Teresa Querol Garcia. |
| 260 |
_aMadrid [etc.] : _bDeusto, _cD.L. 1991. |
||
| 300 |
_a226 p. ; _c23 cm. |
||
| 650 | 1 | 4 |
_aDelitos fiscales- _zEspaña. _911562 |
| 852 |
_aES-MaACL _jL-14880 _bR.119061 _z. - rust. |
||
| 999 |
_c7630 _d7630 |
||